000 02337cam a22003135i 4500
999 _c8848
_d8848
001 21625088
003 GBCCL
005 20241126110659.0
006 m |o d |
007 cr |||||||||||
008 180111s2018 miu o 000 0 eng
010 _a 2020690631
020 _a9780310450436
020 _a9780310450405
020 _a0310450403
040 _aDLC
_beng
_erda
_cDLC
082 _a220.520814
_bNIV
245 0 0 _aNIV Biblical Theology Study Bible :
_bfollow God's redemptive plan as it unfolds throughout scripture /
_cD.A. Carson, general editor.
260 _aGrand Rapids, Michigan :
_b Zondervan,
_c2018
300 _axxix, 2562 pages : c
_bolor illustrations, color maps ;
_c24 cm
505 _aMarvel at the big story; savor each detail Biblical Theology allows you to ponder the individual stories and themes of Scripture while observing how they all fit together in God's grand biblical narrative. With three articles introducing Biblical theology and 25 articles unpacking key themes of Scripture, the NIV Biblical Theology Study Bible equips you to follow the progressive unfolding of God's story. Helpful introductions to books and sections of the Bible combined with 20,000 verse-by-verse study notes will guide you to a clearer understanding of every portion of Scripture.-Previously published as NIV Zondervan Study Bible -The full text of the New International Version (NIV), the most widely read Bible translation in contemporary English, trusted for its combination of accuracy, readability, and beauty -28 theologically rich articles by authors such as Tim Keller and Kevin DeYoung -20,000 verse-by-verse study notes -Hundreds of full-color photos, more than 90 maps, and over 60 charts -Comprehensive book introductions -Over 60 trusted contributors -Cross-references and the NIV Comprehensive Concordance -Single-column, black letter edition --Exclusive Zondervan NIV Comfort Print typeface.
588 _aDescription based on print version record.
650 _aBible
_vReference editions.
_915549
650 _aBible.
_95
776 0 8 _iPrint version:
_tNIV Biblical Theology Study Bible
_dGrand Rapids, MI : Zondervan, 2018
_z9780310450405 (hardcover)
_w(DLC) 2018931155
906 _a7
_bcbc
_corigcop
_d1
_eecip
_f20
_gy-gencatlg
942 _2ddc
_cREF